LEADER 00913nam0-2200325---450- 001 990009832990403321 005 20140305155516.0 010 $a9780470699393 035 $a000983299 035 $aFED01000983299 035 $a(Aleph)000983299FED01 035 $a000983299 100 $a20140305d2012----km-y0itay50------ba 101 0 $aeng 102 $aGB 105 $aa-------001yy 200 1 $aFunctional biology of plants$fMartin J. Hodson$gJohn A. Bryant 210 $aChichester$cWiley-Blackwell$d2012 215 $aX, 326 p.$cill.$d25 cm 610 0 $aBiologia vegetale 676 $a571.2$v22$zita 700 1$aHodson,$bMartin J.$0522334 701 1$aBryant,$bJohn A.$0141298 801 0$aIT$bUNINA$gREICAT$2UNIMARC 901 $aBK 912 $a990009832990403321 952 $a60 571.2 B 5$b14398$fFAGBC 959 $aFAGBC 996 $aFunctional biology of plants$9836448 997 $aUNINA LEADER 01068nam0-22003491i-450- 001 990000451080403321 005 20100209123615.0 010 $a2-04-010495-X 035 $a000045108 035 $aFED01000045108 035 $a(Aleph)000045108FED01 035 $a000045108 100 $a20020821d1979----km-y0itay50------ba 101 0 $afre 105 $aa-------001yy 200 1 $aOpérateurs rationnels positifs$eapplication à l'hyperstabilité et aux processus alèatoires$fPierre Faurre, Michel Clerget, François Germain 210 $aParis$cDunod$dc1979 215 $a293 p.$cill.$d24 cm 225 1 $aMéthodes mathématiques de l'informatique$v8 610 0 $aAnalisi dei sistemi$aProcessi stocastici 610 0 $aTeoria degli operatori 676 $a003 676 $a515.724 700 1$aFaurre,$bPierre 701 1$aClerget,$bMichel 701 1$aGermain,$bFrançois$f<1948- > 801 0$aIT$bUNINA$gRICA$2UNIMARC 901 $aBK 912 $a990000451080403321 952 $a10 D III 338$b10588$fDINEL 959 $aDINEL 997 $aUNINA LEADER 03382nam 22007093u 450 001 9910457432403321 005 20210107014321.0 010 $a1-283-31459-2 010 $a9786613314598 010 $a90-272-8158-0 035 $a(CKB)2550000000064023 035 $a(EBL)794779 035 $a(OCoLC)759101574 035 $a(SSID)ssj0000633603 035 $a(PQKBManifestationID)11389696 035 $a(PQKBTitleCode)TC0000633603 035 $a(PQKBWorkID)10632875 035 $a(PQKB)11581427 035 $a(MiAaPQ)EBC794779 035 $a(EXLCZ)992550000000064023 100 $a20130418d1975|||| u|| | 101 0 $aeng 135 $aur|n|---||||| 181 $ctxt 182 $cc 183 $acr 200 10$aComponential Analysis of Lushai Phonology$b[electronic resource] 210 $aAmsterdam/Philadelphia $cJohn Benjamins Publishing Company$d1975 215 $a1 online resource (153 p.) 225 0 $aAmsterdam studies in the theory and history of linguistic science : series 4, Current issues in linguistic theory 300 $aDescription based upon print version of record. 311 $a90-272-0903-0 327 $aCOMPONENTIAL ANALYSIS; Editorial page; Title page; Copyright page; PREFACE; Table of contents; 0.0. INTRODUCTION; 1.0. PHONOLOGICAL EXTENSION SYSTEMS; 2.0. MONOMORPHEMIC COMPONENTIAL PHONOLOGY; 3.0. POLYMORPHEMIC COMPONENTIAL PHONOLOGY; 4.0. FURTHER ISSUES CONCERNING THE APPLICATION OF RULES; 5.0. SUMMARY; FOOTNOTES; REFERENCES; INDEXOF TECHNICAL TER 330 $aThe aim of this essay is to present a phonological analysis of Lushai, a Tibeto-Burman language spoken in the Mizoram province of India, in terms of componential features applying - as mutation rules - to the morphophonological level. An analysis of this nature becomes possible if the concepts of phonological extension systems and redundancy-free representations are introduced. Alongside with the phonemic aspect, a semantic analysis of morpheme structure is required yielding the smallest significant units at different morphological or syntactic levels. Though based on criteria implying concept 410 0$aAmsterdam studies in the theory and history of linguistic science.$nSeries IV,$pCurrent issues in linguistic theory 606 $aComponential analysis (Linguistics) 606 $aLushai language -- Grammar, Generative 606 $aLushai language -- Phonology 606 $aLushai language$xPhonology 606 $aLushai language$xGrammar, Generative 606 $aComponential analysis (Linguistics) 606 $aLanguages & Literatures$2HILCC 606 $aEast Asian Languages & Literatures$2HILCC 608 $aElectronic books. 615 4$aComponential analysis (Linguistics). 615 4$aLushai language -- Grammar, Generative. 615 4$aLushai language -- Phonology. 615 0$aLushai language$xPhonology 615 0$aLushai language$xGrammar, Generative 615 0$aComponential analysis (Linguistics) 615 7$aLanguages & Literatures 615 7$aEast Asian Languages & Literatures 676 $a495 676 $a495.4 700 $aWeidert$b Alfons$0653950 801 0$bAU-PeEL 801 1$bAU-PeEL 801 2$bAU-PeEL 906 $aBOOK 912 $a9910457432403321 996 $aComponential analysis of Lushai phonology$91169502 997 $aUNINA